Načítá se...

Paget's law of banking /

Podrobná bibliografie
Další autoři: Malek, Ali QC (Editor), Odgers, John QC (Editor)
Médium: Printed Book
Jazyk:English
Vydáno: New Delhi : LexisNexis Butterworths, c2007.
Vydání:14th ed.
Témata:
LEADER 00931pam a22002534a 4500
008 071029s2007 enk b 001 0 eng
015 |2 bnb 
020 |a 9789351433804 
082 0 4 |a 346.41082  |2 22 
245 0 0 |a Paget's law of banking /  |c Ali Malek QC & John Odgers Qc 
250 |a 14th ed. 
260 |a New Delhi :  |b LexisNexis Butterworths,  |c c2007. 
300 |a cix, 999 p. ;  |c 25 cm. 
500 |a Previous ed.: 2002. 
504 |a Includes index. 
650 0 |a Banking law  |z England. 
700 1 |a Malek, Ali QC  |e Editor 
700 1 |a Odgers, John QC  |e Editor 
942 |c BK 
246 3 |a Law of banking 
906 |a 7  |b cbc  |c copycat  |d 2  |e ncip  |f 20  |g y-gencatlg 
955 |a nb05 2007-10-29 z-processor ; nb05 2007-10-29 to SSCD for processing  |i sg08 2007-11-07 
999 |c 111419  |d 111419 
952 |0 0  |1 0  |4 0  |6 346_410820000000000_PAG  |7 0  |9 116391  |a UL  |b UL  |c REF  |d 2016-01-16  |e 176  |g 3080.00  |l 0  |o 346.41082 PAG  |p 94037  |r 2016-02-25  |v 3850.00  |y REF